Tratado de derecho ambiental. Tomo I /
Guardado en:
| Autor Principal: | |
|---|---|
| Formato: | Libro |
| Idioma: | Spanish |
| Publicado: |
Buenos Aires :
AdHoc,
2008.
|
| Edición: | 2a. ed., 1a. reimp. |
| Materias: | |
| Etiquetas: |
Agregar Etiqueta
Sin Etiquetas, Sea el primero en etiquetar este registro!
|
| LEADER | 00482nam a22001575a 4500 | ||
|---|---|---|---|
| 001 | DER.der013997 | ||
| 008 | 190906s2008####ag#||||||||||||||#||spa|| | ||
| 005 | 20251215192948.0 | ||
| 245 | 1 | 0 | |a Tratado de derecho ambiental. |p Tomo I / |c Dino Bellorio Clabot. |
| 250 | |a 2a. ed., 1a. reimp. | ||
| 260 | |a Buenos Aires : |b AdHoc, |c 2008. | ||
| 300 | |a 655 p. | ||
| 020 | |a 97895096061671 | ||
| 100 | 1 | |a Bellorio Clabot, Dino. | |
| 650 | 7 | |a DERECHO AMBIENTAL | |
| 859 | |a DERECHO |b BIB. DERECHO |h 346.046 |i BEL |p 009197 | ||
